| 000 | 00462cam a2200193ua 4500 | ||
|---|---|---|---|
| 020 | _c3.00 | ||
| 041 |
_aeng _h |
||
| 082 |
_a334.01 _bMEN/RU |
||
| 100 | _aMenon, C.R.B . | ||
| 245 |
_aRural credit scheme for India / _cC.R.B Menon. _hTextual Documents |
||
| 250 |
_a1 / _b. |
||
| 260 |
_aMumbai : _bOrient-Longman Ltd , _c1961. |
||
| 300 | _a142 ; . | ||
| 365 | _a3.00 | ||
| 504 | _a | ||
| 942 | _cBK | ||
| 999 |
_c2151 _d2151 |
||